000 00584nam a2200241Ia 4500
003 OSt
005 20221005132754.0
006 a|||||r|||| 00| 0
007 ta
008 221004b |||||||| |||| 00| 0 tam d
024 _a14532
037 _cTextual
040 _aCRL
_cCRL
_btam
041 _2tam
_atam
082 _aLk, 31P0
100 _aYesudasan S
_9641609
245 0 _aUyiriyal Kalaichol Vilakka Akarathi
260 _c2000
300 _a193
_ccm.
650 _aMEDICINE
942 _hLk, 31P0
_cTEXL
_2cc
999 _c1064754
_d1064754